<?xml version="1.0" encoding="UTF-8"?>
<record
    xmlns:xsi="http://www.w3.org/2001/XMLSchema-instance"
    xsi:schemaLocation="http://www.loc.gov/MARC21/slim http://www.loc.gov/standards/marcxml/schema/MARC21slim.xsd"
    xmlns="http://www.loc.gov/MARC21/slim">

  <leader>01128nem a22002777a 4500</leader>
  <controlfield tag="005">20200104041739.0</controlfield>
  <controlfield tag="008">160419b2002    ck ||||| |a|| 00| 0 spa d</controlfield>
  <datafield tag="040" ind1=" " ind2=" ">
    <subfield code="a">CO-BoIAVH</subfield>
    <subfield code="c">CO-BoIAVH</subfield>
  </datafield>
  <datafield tag="041" ind1=" " ind2=" ">
    <subfield code="a">spa</subfield>
  </datafield>
  <datafield tag="044" ind1=" " ind2=" ">
    <subfield code="a">ck</subfield>
  </datafield>
  <datafield tag="090" ind1=" " ind2=" ">
    <subfield code="a">MC-</subfield>
    <subfield code="b">0015</subfield>
  </datafield>
  <datafield tag="110" ind1=" " ind2="2">
    <subfield code="a">Instituto de Investigaci&#xF3;n de Recursos Biol&#xF3;gicos Alexander von Humboldt</subfield>
    <subfield code="9">204</subfield>
  </datafield>
  <datafield tag="245" ind1="1" ind2=" ">
    <subfield code="a">Cobertura vegetal y uso de suelos de la zona piloto Vergel</subfield>
    <subfield code="b">Proyecto  estudio de representatividad y caracterizacion ecol&#xF3;gica r&#xE1;pida de los corredores de conservaci&#xF3;n para el SIRAP- Huila.</subfield>
    <subfield code="c">Instituto de Investigaci&#xF3;n de recursos biol&#xF3;gicos Alexander Von Humboldt</subfield>
    <subfield code="h">[Material Cartografico]</subfield>
  </datafield>
  <datafield tag="255" ind1=" " ind2=" ">
    <subfield code="a">1:75.000</subfield>
  </datafield>
  <datafield tag="260" ind1=" " ind2=" ">
    <subfield code="a">Bogot&#xE1;</subfield>
    <subfield code="b">IAvH</subfield>
    <subfield code="c">2002</subfield>
  </datafield>
  <datafield tag="300" ind1=" " ind2=" ">
    <subfield code="a">1 mapa ;</subfield>
    <subfield code="b">color </subfield>
    <subfield code="c">30 x 40 cm </subfield>
  </datafield>
  <datafield tag="650" ind1=" " ind2="6">
    <subfield code="a">Bosques </subfield>
    <subfield code="z">Caqueta</subfield>
    <subfield code="z">Meta</subfield>
    <subfield code="9">66342</subfield>
  </datafield>
  <datafield tag="650" ind1=" " ind2="6">
    <subfield code="a">Cultivos </subfield>
    <subfield code="z">Caqueta </subfield>
    <subfield code="z">Meta </subfield>
    <subfield code="9">66343</subfield>
  </datafield>
  <datafield tag="650" ind1=" " ind2="6">
    <subfield code="a">Hidrografia</subfield>
    <subfield code="9">5361</subfield>
  </datafield>
  <datafield tag="650" ind1=" " ind2="6">
    <subfield code="a">Vegetaci&#xF3;n</subfield>
    <subfield code="9">92799</subfield>
  </datafield>
  <datafield tag="650" ind1=" " ind2="6">
    <subfield code="a">Hidrogr&#xE1;fia </subfield>
    <subfield code="9">5361</subfield>
  </datafield>
  <datafield tag="650" ind1=" " ind2="6">
    <subfield code="a">Suelos </subfield>
    <subfield code="9">287</subfield>
  </datafield>
  <datafield tag="651" ind1=" " ind2=" ">
    <subfield code="a">Caqueta </subfield>
    <subfield code="z">Colombia </subfield>
    <subfield code="9">66348</subfield>
  </datafield>
  <datafield tag="710" ind1=" " ind2=" ">
    <subfield code="a">Corporaci&#xF3;n Autonoma regional del alto magdalena </subfield>
    <subfield code="e">CAM</subfield>
    <subfield code="9">3950</subfield>
  </datafield>
  <datafield tag="942" ind1=" " ind2=" ">
    <subfield code="2">z</subfield>
    <subfield code="c">Mapa</subfield>
  </datafield>
  <datafield tag="999" ind1=" " ind2=" ">
    <subfield code="c">18309</subfield>
    <subfield code="d">18309</subfield>
  </datafield>
  <datafield tag="952" ind1=" " ind2=" ">
    <subfield code="0">0</subfield>
    <subfield code="1">0</subfield>
    <subfield code="2">z</subfield>
    <subfield code="4">0</subfield>
    <subfield code="7">0</subfield>
    <subfield code="8">CARTOGRAFI</subfield>
    <subfield code="a">Bogota</subfield>
    <subfield code="b">Bogota</subfield>
    <subfield code="d">2016-04-19</subfield>
    <subfield code="l">0</subfield>
    <subfield code="o">MC-0015</subfield>
    <subfield code="p">039964</subfield>
    <subfield code="r">2016-04-19 00:00:00</subfield>
    <subfield code="t">Ej. 1</subfield>
    <subfield code="w">2016-04-19</subfield>
    <subfield code="y">Mapa</subfield>
  </datafield>
</record>
